| 000 | 00434nam a2200145 a 4500 | ||
|---|---|---|---|
| 001 | 000037121 | ||
| 005 | 20200930080144.0 | ||
| 008 | 120216s1983 dr 000 0 spa d | ||
| 040 |
_aDO-SdBNP _bspa _cBNPHU |
||
| 082 |
_axxxx _bE74c |
||
| 100 | 1 |
_aEscaño, José Teodoro _963530 |
|
| 245 | 1 | 3 |
_aEl camino hacia la eficiencia / _cJosé Teodoro Escaño. |
| 260 |
_aSanto Domingo : _bAlfa y Omega, _c1983. |
||
| 300 |
_a99 p. : _bil. ; _c20 cm. |
||
| 999 |
_c36611 _d36611 |
||